| LEADER |
00685nam0a2200205 450 |
| 001 |
16845857 |
| 010 |
|
|
|a 9782810203109
|b br.
|d 16
|
| 100 |
|
|
|a 20240112d2026 u u0frey01 ba
|
| 101 |
1 |
|
|a fre
|c
|
| 102 |
|
|
|a FR
|
| 200 |
0 |
|
|a repaire du roi-taupe (Le)
|f Jo Rioux
|g traduit de l'anglais (Etats-Unis) par Alice Delarbre
|
| 207 |
|
1 |
|a
|
| 210 |
|
|
|a Paris
|c Rue de Sèvres
|d DL 2024
|
| 215 |
|
|
|a 1 vol. (245 p.)
|c ill. en coul.
|d 26 cm
|
| 225 |
1 |
|
|a Chat perché
|v 2
|
| 461 |
|
0 |
|t Chat perché
|v 2
|
| 700 |
|
0 |
|a Rioux
|b Jo
|4 70
|
| 900 |
|
|
|a Bande Dessinée enfant ado
|
| 901 |
|
|
|a Accessible au prêt
|
| 995 |
|
|
|a Bibliothèque
|c Bibliothèque
|f 024025036
|h 024025036
|k BD RIO
|o p
|q j
|r az
|e Bibliothèque
|